Hunger Games Characters A-Z Quiz Stats

 Plays Quiz not verified by Sporcle

Challenge
Share
Tweet
Embed
Score 0/19 Timer 04:00
0 Plays Today
Character % Correct
CCinna
96.3%
AAnnie Cresta
95.9%
KKatniss Everdeen
95.9%
GGale Hawthorne
95.5%
EEffie Trinket
94.3%
HHaymitch Abernathy
94.3%
F'Foxface'
93%
RRue
93%
JJohanna Mason
91%
TThresh
90.6%
Character % Correct
OOctavia
89.6%
MMarvel
88.9%
SSeneca Crane
87.7%
PPlutarch Heavensbee
86.5%
WWiress
86.1%
BBrutus
84.8%
DDarius
83.2%
VVenia
80.7%
LLyme
63.1%

You're not logged in!

Compare scores with friends on all Sporcle quizzes.
Join for Free
OR
Log In

You Might Also Like...

Show Comments

Extras

Top Quizzes Today


Score Distribution

Your Account Isn't Verified!

In order to create a playlist on Sporcle, you need to verify the email address you used during registration. Go to your Sporcle Settings to finish the process.

Report this User

Report this user for behavior that violates our Community Guidelines.

Details: